000 00535nam a2200241Ia 4500
003 OSt
005 20220918200427.0
006 a|||||r|||| 00| 0
007 ta
008 220917b |||||||| |||| 00| 0 eng d
024 _a88,725
037 _cTextual
040 _aARTS
_cARTS
_beng
041 _2eng
_aeng
082 _aU:687f, J9
110 _aAtlas
245 0 _aAtlas of Kenya
260 _c1959
650 _aGEOGRAPHY
700 _aAtlas
942 _hU:687f, J9
_cTEXL
_2CC
999 _c212395
_d212395